000 00453nam a2200181Ia 4500
001 25148
005 20260414151130.0
008 260414t2019||||xx |||||||||||||| ||spa||
041 _aESP
082 _a346.22
_bCH578
100 _aChunga Hidalgo, Laurence
_eAUT
245 0 _aEl delito de omisión a la asistencia familiar
_b
260 _c2019
300 _a431 páginas :
_c25 cm.
650 _aDER
654 _aCDE
942 _cLIB
_dJUS
_fJUS
_2ddc
_n
999 _c25148
_d25148